Central Library || Chittagong University

বাঙলাদেশের অভ্যুদয় : (Record no. 104744)

MARC details
000 -LEADER
fixed length control field 00897nam a22002057a 4500
003 - CONTROL NUMBER IDENTIFIER
control field BD-ChCU
005 - DATE AND TIME OF LATEST TRANSACTION
control field 20241127105247.0
008 - FIXED-LENGTH DATA ELEMENTS--GENERAL INFORMATION
fixed length control field 241127b bg ||||| |||| 00| 0 ben d
020 ## - INTERNATIONAL STANDARD BOOK NUMBER
International Standard Book Number 9789849735434
040 ## - CATALOGING SOURCE
Transcribing agency BD-ChCU
082 ## - DEWEY DECIMAL CLASSIFICATION NUMBER
Edition number 22
Classification number ৯৫৪.৯২ উম ৮ বা
Item number
100 ## - MAIN ENTRY--PERSONAL NAME
Personal name উমর, বদরুদ্দীন
9 (RLIN) 6038
245 ## - TITLE STATEMENT
Title বাঙলাদেশের অভ্যুদয় :
Statement of responsibility, etc. পূর্ব পাকিস্তানের ইতিহাস (১৯৫৮-১৯৭১) /
Remainder of title বদরুদ্দীন উমর
260 ## - PUBLICATION, DISTRIBUTION, ETC.
Place of publication, distribution, etc. ঢাকা :
Name of publisher, distributor, etc. বাতিঘর,
Date of publication, distribution, etc. c২০২৩
300 ## - PHYSICAL DESCRIPTION
Extent খ:২, ৪৩৫পৃ. :
Dimensions ২২ সে.মি.
600 #0 - SUBJECT ADDED ENTRY--PERSONAL NAME
Personal name .
9 (RLIN) 6050
650 #0 - SUBJECT ADDED ENTRY--TOPICAL TERM
Topical term or geographic name entry element বাঙলাদেশের - ইতিহাস
9 (RLIN) 6042
700 ## - ADDED ENTRY--PERSONAL NAME
Personal name আহমদ, মুঈনুদ্দীন
Relator term অনুবাদক
9 (RLIN) 6048
942 ## - ADDED ENTRY ELEMENTS (KOHA)
Source of classification or shelving scheme Dewey Decimal Classification
Koha item type Books
Suppress in OPAC No
Holdings
Withdrawn status Lost status Source of classification or shelving scheme Damaged status Not for loan Home library Current library Date acquired Source of acquisition Total Checkouts Full call number Barcode Date last seen Copy number Price effective from Koha item type
    Dewey Decimal Classification     Chittagong University Library Chittagong University Library 11/27/2024 ক্রয়কৃত   ৯৫৪.৯২ উম ৮ বা খ.২ 332312 11/27/2024 ক-১ 11/27/2024 Books
    Dewey Decimal Classification     Chittagong University Library Chittagong University Library 11/27/2024 ক্রয়কৃত   ৯৫৪.৯২ উম ৮ বা খ.২ 332313 11/27/2024 ক-২ 11/27/2024 Books
© Copyright 2025. Chittagong University Library, Installation and Maintenance by Prof. Dr. Md. Alamgir, 01711306253